Normal view
MARC view
- Woods, Richard E
Entry Corporate Name
001 - CONTROL NUMBER
- control field: 82603
003 - CONTROL NUMBER IDENTIFIER
- control field: NUST
005 - DATE AND TIME OF LATEST TRANSACTION
- control field: 20210922141819.0
008 - FIXED-LENGTH DATA ELEMENTS
- fixed length control field: 210922|| aca||aabn | a|a d
040 ## - CATALOGING SOURCE
- Original cataloging agency: NUST
- Transcribing agency: NUST
110 ## - HEADING--CORPORATE NAME
- Corporate name or jurisdiction name as entry element: Woods, Richard E
670 ## - SOURCE DATA FOUND
- Source citation: Work cat.: (NUST): Gonzalez, Rafael C. 672, Digital Image Processing, 2020.
